Top 15 dei paesi con decessi Covid-19 - 27 settembre - Statistics

Statistiche generali
  • Questo quiz è stato fatto 4 volte
  • Il punteggio medio è 11 su 20
Statistiche sulle risposte
paese % Corretto
India
100%
Italia
100%
Argentina
75%
Brasile
75%
Colombia
75%
Francia
75%
Messico
75%
Regno Unito
75%
Russia
75%
Spagna
75%
Stati Uniti
75%
Cile
50%
Iran
50%
Belgio
25%
Bolivia
25%
Ecuador
25%
Perù
25%
Sudafrica
25%
Panama
0%
Svezia
0%
Nessun quiz corrispondente trovato
Distribuzione punteggi
Percentuale di utenti per punteggio
Percentile per numero di risposta
I tuoi punteggi nel tempo
Non hai fatto questo quiz